000 00911nam a2200229Ia 4500
003 Ost
005 20260507075206.0
008 260507s9999||||xx |||||||||||||| ||und||
040 _cfsecg
041 _aara
082 _a330
100 _aالعلاق، بشير
_eمؤلف
245 0 _aإدارة التفاوض /
_c بشير العلاق
260 _aعمان:
_bدار اليازوري,
_c2010
300 _a224 صفحة؛
_c24 سم
504 _aمراجع ص.222
520 _aمفهوم التفاوض ، تعريفه و خصائصه ، الاهمية و الملامح و المستويات و الانواع الخاصة بالتفاوض ، عناصر التفاوض و آلياته ووسائل التحكم به ،آليات التفاوض و مهاراته .
653 _aالتفاوض
653 _aالتفاوض ــ إدارة
653 _aالمفاوضات
942 _cكتاب
999 _c43433
_d43433